Los campamentos de pioneros docentes-recreativos y la continuidad del proceso docente educativo (Record no. 63564)

MARC details
000 -CABECERA
campo de control de longitud fija 00611nam a2200205 a 4500
005 - FECHA Y HORA DE LA ÚLTIMA TRANSACCIÓN
campo de control 20210219152914.0
008 - ELEMENTOS DE LONGITUD FIJA--INFORMACIÓN GENERAL
campo de control de longitud fija 991125n 000 0 spa u
035 ## - NÚMERO DE CONTROL DEL SISTEMA
Número de control de sistema UPN01000066593
100 ## - ASIENTO PRINCIPAL--NOMBRE PERSONAL
Nombre de persona MONTALVO VALDES, José Antonio
222 ## - TÍTULO CLAVE
Título clave EDUCACION
245 ## - MENCIÓN DE TÍTULO
Título Los campamentos de pioneros docentes-recreativos y la continuidad del proceso docente educativo
260 ## - PUBLICACIÓN, DISTRIBUCIÓN, ETC.
Lugar de publicación, distribución, etc. Cuba
300 ## - DESCRIPCIÓN FÍSICA
Extensión 54-58
362 ## - FECHAS DE PUBLICACIÓN Y/O DESIGNACIÓN SECUENCIAL
Fecha de publicación y/o designación secuencial 1978 Año 8, no. 29, abr.-jun.
653 0# - TERMINO DE INDIZACION - NO CONTROLADO
Término no controlado ACTIVIDADES RECREATIVAS
653 0# - TERMINO DE INDIZACION - NO CONTROLADO
Término no controlado CAMPAMENTOS
653 0# - TERMINO DE INDIZACION - NO CONTROLADO
Término no controlado EDUCACION EXTRAESCOLAR
700 ## - ASIENTO SECUNDARIO--NOMBRE DE PERSONAL
Nombre de persona TORRES FARIAS, Luis
905 ## - TIPO DE MATERIAL
Tipo de material Articulo

No items available.